Revista de estudios sobre genocidio

Bibliographic Details
Format: Journal
Language:Spanish
Published: Buenos Aires: Universidad Nacional de Tres de Febrero, 2007 -
Subjects:
Online Access:Acceso restringido

MARC

LEADER 00000nas a22000007a 4500
005 20160928180821.0
007 cr|||| ||u|
008 160928c20079999Ag |||||o|||| 00| spa d
022 |a 2362-3985 
035 |a 14368 
040 |a vLex 
090 |c 6245  |d 6245 
245 0 |a Revista de estudios sobre genocidio  |h [Recurso electrn̤ico] 
256 |a Servicio en ln̕ea 
260 |a Buenos Aires:  |b Universidad Nacional de Tres de Febrero,  |c 2007 -  
300 |a 1 Recurso electrn̤ico 
362 |a Num.1 (2007) -  
506 |a Disponible solo en los productos.  |d vLex Global  |d vLex Global (Academic Edition, excluding Law Schools)  |d vLex Global (U.S. Academic Edition, Law Schools)  |d vLex Global (U.S. Academic Edition, excluding Law Schools)  |d vLex Global (Academic Edition, Law Schools) 
650 0 4 |a Derecho constitucional  |z Argentina 
740 0 |a vLex libros (servicios en ln̕ea) 
856 4 0 |z Acceso restringido  |u http://vlex.com/source/revista-estudios-sobre-genocidio-14368 
942 |c REV 
999 0 |a Constitutional law